=LDR 00000nam 2200000 4500 =001 INLIS000000000023448 =005 20130612122120 =008 ***********************************Ind** =035 ##$$0010-061300000023448 =041 ##$$a Ind =082 ##$$a 959.8 =090 ##$$a 959.8, Sya s =100 ##$$a Syafiie, Inu Kencana =245 ##$$a Sistem pemerintahan indonesia, Inu Kencana Syafiie, M.Si =260 ##$$a 2002 $b Jakarta =300 ##$$a 188 hlm, 21 cm =650 ##$$a Indonesia - politik dan pemerintahan =850 ##$$a NBPNMAT =990 ##$$a 21400613/BPAP-NTB/20142014 =990 ##$$a 0001/BPAP-NTB/20142015 =990 ##$$a 85628562 =990 ##$$a 21400613/BPAP-NTB/20142014 =990 ##$$a 0001/BPAP-NTB/20142015 =990 ##$$a 01201808562